| 000 | 00519nam a2200181Ia 4500 | ||
|---|---|---|---|
| 008 | 191130s1989##################000#0#eng## | ||
| 020 | _a9780521521963 | ||
| 040 |
_aACL _cACL |
||
| 082 | _a338.9 KUZ | ||
| 100 | _aKuznets, Simon | ||
| 245 |
_aEconomic development, the family and income distribution _cSimon Kuznets |
||
| 260 |
_aCambridge _bCambridge University Press _c1989 |
||
| 300 | _a463 p.23 cm | ||
| 650 | _aEconomics | ||
| 990 | _a9f062eb5ac10000c56ce7a0abf514e16 | ||
| 991 | _a211389 | ||
| 999 |
_c156092 _d156092 |
||